Desaťročie transformačných zmien v ekonomickej teórii a praxi

Zámerom príspevku je ohliadnutie sa za tým, čo znamenali 90. roky pre rozvoj ekonomickej teórie a praxe na Slovensku, v akom vzťahu koexistovala teória a prax a aké nové, zásadné okolnosti treba predvídať, akceptovať, prípadne ich aktívne formovať v nadchádzajúcom období.

Na minha lista:
Detalhes bibliográficos
Autor principal: Uramová, Eva
Formato: Capítulo de Livro
Idioma:eslovaco
Assuntos:
Tags: Adicionar Tag
Sem tags, seja o primeiro a adicionar uma tag!

MARC

LEADER 00000naa$a2200000$$$4500
001 0004922
005 20231004075716.0
041 0 |a slo 
044 |a CZ 
245 1 0 |a Desaťročie transformačných zmien v ekonomickej teórii a praxi  |c aut. Eva Uramová 
520 |a Zámerom príspevku je ohliadnutie sa za tým, čo znamenali 90. roky pre rozvoj ekonomickej teórie a praxe na Slovensku, v akom vzťahu koexistovala teória a prax a aké nové, zásadné okolnosti treba predvídať, akceptovať, prípadne ich aktívne formovať v nadchádzajúcom období. 
610 2 0 |a ekonómia 
610 2 0 |a transformácia 
610 2 0 |a myslenie ekonomické 
610 2 0 |a teória a prax 
610 2 0 |a Slovensko 
610 2 0 |a 1990-2000 
100 1 |a Uramová, Eva